01009cam a22002651 450000100060000000300080000600500170001400800390003103500190007003500190008904000380010804100080014608200160015410000340017024500570020426000490026130000210031050000310033150500960036265000460045865000700050494200120057499900170058695201400060318073BD-RjUL20211209000232.0140219r19631951enk b 000 0 eng a(BD-RjUL)18131 a(OCoLC)2068125 aDLCcScUdOCoLCdUkdOCdDLCbeng aeng a942.06bBEC1 aBethell, S. L.,d1908-95570214aThe cultural revolution of the seventeenth century / aLondon :bD. Dobson,c[1951 [impression1963] a161 p. ;c23 cm. aBibliographical footnotes.0 aThe cultural revolution of the seventeenth century.--The poetry of Henry Vaughan, Silurist. 0aPhilosophy, Englishy17th century.955703 0aTheology, DoctrinalzGreat BritainxHistoryy17th century.955704 2ddccBK c18073d18073 00102ddc40718NFICaRUCLbRUCLcReadingd1965-10-16eBlack Wellg21.00l0o942.06 BEC 1963r2014-02-19 00:00:00tC-1w2021-12-09yBK